000 00484 a2200157 4500
020 _a0070583390
040 _aDLC
_bDLC
100 1 _aKoontz, Harold,
245 1 0 _aEssentials of management: an international perspective
_ban international perspective
_cHarold Koontz and Heinz Weihrich.
250 _a6th ed.
260 _aNew Delhi :
_bMcGraw-Hill,
_c2005.
300 _a437 p. :
_bill. ;
_c24 cm.
650 0 _aManagement.
700 1 _aWeihrich, Heinz.
942 _cBK
_k658.419 KOO
_2ddc
999 _c4691
_d4691